| 000 | 00598nam a2200229Ia 4500 | ||
|---|---|---|---|
| 003 | OSt | ||
| 005 | 20220928144648.0 | ||
| 006 | a|||||r|||| 00| 0 | ||
| 007 | ta | ||
| 008 | 220927b |||||||| |||| 00| 0 eng d | ||
| 024 | _a72750 | ||
| 037 | _cTextual | ||
| 040 |
_aSDCL _cSDCL _beng |
||
| 041 |
_2eng _aeng |
||
| 082 | _aX:75.3'N8, M2 | ||
| 100 |
_aCarter Charles _9508901 |
||
| 245 | 0 | _aPolicies for a constrained economy. | |
| 260 | _c1982 | ||
| 700 |
_a Pinder John _9508902 |
||
| 942 |
_hX:75.3'N8, M2 _cTEXL _2CC |
||
| 999 |
_c828733 _d828733 |
||